| 000 | 00664cam a2200205 a 4500 | ||
|---|---|---|---|
| 020 | _a0256255326 (alk. paper) | ||
| 040 | _cDLC | ||
| 082 | 0 | 0 | _a658 IRW 1999 A055 Or. |
| 100 | 1 | _aAnthony, Robert N. | |
| 245 | 1 | 0 | _aManagement control in nonprofit organizations / |
| 250 | _a6th ed. | ||
| 260 |
_aBurr Ridge, IL : _bIrwin/McGraw-Hill, _c1999. |
||
| 300 |
_axix, 859 p. : _bill. ; _c25 cm. |
||
| 650 | 0 | _aNonprofit organizations | |
| 650 | 0 | _aManagerial accounting. | |
| 700 | 1 | _aYoung, David W. | |
| 856 | 4 | 2 | _uhttp://www.loc.gov/catdir/description/mh023/98007083.html |
| 856 | 4 | 2 | _uhttp://www.loc.gov/catdir/enhancements/fy0707/98007083-b.html |
| 942 | _cEK | ||
| 999 |
_c15447 _d15447 |
||